Statistics for New York City ...or Philadelphia?

Click here to take the quiz!

General Stats

  • This quiz has been taken 18 times
  • The average score is 11 of 15

Answer Stats

QuestionAnswer% Correct
Has the higher populationNew York
100%
Held the Constitutional ConventionPhiladelphia
100%
Is further northNew York
94%
Is named after a British cityNew York
94%
Has more Michelin starred restaurantsNew York
94%
Overlooks a river on a state lineBoth
88%
Has 5 boroughsNew York
88%
Has been capital of the U.S.Both
82%
Has more National Park SitesNew York
76%
Home to America's First ZooPhiladelphia
65%
Where Edgar Allan Poe livedBoth
59%
Has won more NBA championshipsPhiladelphia
53%
Is the birthplace of the U.S. NavyPhiladelphia
53%
Has an earlier founding dateNew York
47%
Has the larger population increase percentage from 2010 to 2020Philadelphia
41%

Score Distribution

Percentile by Number Answered

Percent of People with Each Score

Your Score History

You have not taken this quiz